The Met : one hundred years of grand opera /

Bibliographic Details
Main Author: Mayer, Martin, 1928-
Format: Book
Language:English
Published: New York : Simon and Schuster : Metropolitan Opera Guild, [1983]
Subjects:

MARC

Tag First Indicator Second Indicator Subfields
LEADER 00000pam a2200000 a 4500
001 in00000551821
005 20151014051038.0
008 830324s1983 nyua b 001 0 eng
010 |a  83004710  
020 |a 0671470876 
035 |a (OCoLC)09394414 
035 |9 ACJ1979AM 
040 |a DLC  |c DLC  |d TXA  |d UtOrBLW 
043 |a n-us-ny 
049 |a TXAM 
050 0 0 |a ML1711.8.N3  |b M46 1983 
082 0 |a 782.1/09747/1  |2 19 
100 1 |a Mayer, Martin,  |d 1928- 
245 1 4 |a The Met :  |b one hundred years of grand opera /  |c Martin Mayer ; picture editor, Gerald Fitzgerald. 
264 1 |a New York :  |b Simon and Schuster :  |b Metropolitan Opera Guild,  |c [1983] 
264 4 |c ©1983 
300 |a 368 pages :  |b illustrations (some color) ;  |c 29 cm. 
336 |a text  |b txt  |2 rdacontent 
337 |a unmediated  |b n  |2 rdamedia 
338 |a volume  |b nc  |2 rdacarrier 
504 |a Includes bibliographical references and index. 
536 |a From the Howard Mayer Brown, Edward Downes and Mary Schieffelin book collections, October 2004. 
610 2 0 |a Metropolitan Opera (New York, N.Y.) 
999 |a MARS 
999 f f |s 868b95ba-8a06-319e-aef9-ebdeff758584  |i e94b8a5f-39fa-3154-927f-5b46b79a61ef  |t 0 
952 f f |p storage  |a Texas A&M University  |b J.J. Pickle Campus  |c High Density Repository  |d Remote Storage  |t 0  |e ML1711.8.N3 M46 1983  |h Library of Congress classification  |i unmediated -- volume  |m A14831673663 
952 f f |p ric  |a Texas A&M University  |b Rellis Campus  |c Joint Library Facility  |d Remote Storage  |t 0  |e ML1711.8.N3 M46 1983  |h Library of Congress classification  |i unmediated -- volume  |m A14808229100 
998 f f |a ML1711.8.N3 M46 1983  |t 0  |l Remote Storage 
998 f f |a ML1711.8.N3 M46 1983  |t 0  |l Remote Storage